00480 2200181 4500001002100000008004100021035002000062245005100082100001800133250000600151260004200157300002700199020002200226084001700248082001100265650001000276990001200286INLIS000000000001404 Ind  a0010-0924000001 aMuslim KepobMencintai ALLAH SWTcHikmat Usman aUsman, Hikmat a1 aJakartabPT. Falcon Interactivec2017 a149 hlm.c24,5 x 18 cm a978-602-6714-12-1 a2X3.13 HIK m a2X3.13 aAgama a0750905